[Event "European Blitz 2022"]
[Site "Katowice POL"]
[Date "2022.12.16"]
[Round "20.74"]
[White "Mitusov, Semen"]
[Black "Baliasnyj, Timur"]
[Result "1-0"]
[WhiteTitle "IM"]
[WhiteElo "2397"]
[BlackElo "2197"]
[WhiteFideId "14151049"]
[BlackFideId "12802719"]
[EventDate "2022.12.16"]

1. e4 c5 2. Nf3 g6 3. c3 Bg7 4. d4 cxd4 5. cxd4 d6 6. h3 Nf6 7. Nc3 O-O 8. Bd3
Nc6 9. O-O e5 10. Be3 exd4 11. Nxd4 Re8 12. Bc2 Bd7 13. Ndb5 Nb4 14. Nxd6 Nxc2
15. Nxe8 Nxa1 16. Nxg7 Kxg7 17. Qxa1 Qe7 18. Bd4 Bc6 19. b3 Kg8 20. Re1 Qe6 21.
f3 Rd8 22. Rd1 Nh5 23. Be3 Re8 24. Ne2 Nf6 25. Nd4 Qe5 26. Nxc6 Qxa1 27. Rxa1
bxc6 28. Bxa7 Rd8 29. a4 Rd3 30. b4 Rb3 31. Bc5 Nd7 32. a5 Nxc5 33. bxc5 Rb7 34.
a6 Ra7 35. Kf2 1-0

[Event "European Blitz 2022"]
[Site "Katowice POL"]
[Date "2022.12.16"]
[Round "20.75"]
[White "Martynkova, Olena"]
[Black "Stremavicius, Pijus"]
[Result "0-1"]
[WhiteTitle "WIM"]
[BlackTitle "FM"]
[WhiteElo "2227"]
[BlackElo "2369"]
[WhiteFideId "14134039"]
[BlackFideId "12812730"]
[EventDate "2022.12.16"]

1. d4 d6 2. Nf3 g6 3. Bf4 Bg7 4. e3 Nd7 5. Nc3 b6 6. Bc4 e6 7. O-O Bb7 8. e4 h6
9. Re1 a6 10. a4 Ne7 11. e5 d5 12. Bd3 c5 13. a5 c4 14. Be2 g5 15. Bg3 b5 16.
Nb1 Nf5 17. c3 h5 18. h4 g4 19. Nh2 Nxh4 20. Nd2 Nf5 21. Bf4 Nf8 22. Ndf1 Ng6
23. Bd2 Bh6 24. Bxh6 Rxh6 25. Qd2 Qe7 26. Ng3 Rh7 27. Nxf5 exf5 28. Bd1 Bc8 29.
Bc2 Be6 30. Nf1 h4 31. Ne3 f4 32. Nf5 Bxf5 33. Bxf5 Qg5 34. Qc2 g3 35. e6 gxf2+
36. Kxf2 Qg3+ 37. Kf1 Ra7 38. exf7+ Kxf7 39. Bxg6+ Qxg6 40. Qxg6+ Kxg6 41. Re6+
Kf5 42. Rae1 Rhg7 43. R1e5+ Kg4 44. Rxd5 Kg3 45. Ree5 Rg4 46. Re4 Rf7 47. Rde5
h3 48. gxh3 Kxh3 49. Re7 Rxe7 50. Rxe7 Kg3 51. Re6 Rh4 52. Rxa6 Rh1+ 53. Ke2 f3+
54. Ke3 Re1+ 55. Kd2 f2 56. Rg6+ Kh4 57. Rf6 f1=Q 58. Rxf1 Rxf1 59. Ke3 Ra1 60.
d5 Kg5 61. Kd4 Rxa5 62. Kc5 Ra2 63. Kxb5 Rxb2+ 64. Kxc4 Kf6 65. Kc5 Ke7 66. c4
Kd7 67. Kd4 Rh2 68. c5 Rh4+ 69. Ke5 Rh5+ 70. Kd4 Kc7 71. Ke4 Rh4+ 72. Ke5 Rc4
73. c6 Rh4 74. Ke6 Rh1 75. d6+ Kxc6 0-1

[Event "European Blitz 2022"]
[Site "Katowice POL"]
[Date "2022.12.16"]
[Round "20.76"]
[White "Szczurek, Krzysztof"]
[Black "Kacprzak, Kacper"]
[Result "1/2-1/2"]
[WhiteTitle "FM"]
[WhiteElo "2163"]
[BlackElo "2289"]
[WhiteFideId "1185489"]
[BlackFideId "21819319"]
[EventDate "2022.12.16"]

1. d4 Nf6 2. Nc3 d5 3. Bf4 a6 4. e3 c5 5. Nf3 Nc6 6. Be2 e6 7. h3 Bd6 8. Bxd6
Qxd6 9. Qd2 b5 10. a3 O-O 11. O-O c4 12. Nh2 e5 13. dxe5 Nxe5 14. Rad1 Be6 15.
Nf3 Nxf3+ 16. Bxf3 Rad8 17. Ne2 Qe5 18. Nd4 Bd7 19. Rfe1 Rfe8 20. Qa5 Qd6 21.
Ne2 Bc8 22. Nf4 Bb7 23. Rd4 Rd7 24. Red1 Red8 25. a4 Qc5 26. axb5 axb5 27. Qd2
b4 28. b3 c3 29. Qe2 Qa5 30. g4 h6 31. Nd3 Ba6 32. Qe1 Bxd3 33. R1xd3 Rb8 34.
Qd1 Rbd8 35. Kg2 Rd6 36. h4 g5 37. h5 Kg7 38. Kg1 Qc5 39. Qa1 Ne4 40. Bxe4 dxe4
41. Rxd6 Rxd6 42. Rxd6 Qxd6 43. Kg2 Qd2 44. Qa7 Qxc2 45. Qd4+ Kh7 46. Qd5 Kg8
47. Qd8+ Kg7 48. Qd4+ Kg8 49. Qd8+ Kh7 50. Qd5 Kg7 51. Qd4+ Kg8 52. Qd8+ 1/2-1/2

[Event "European Blitz 2022"]
[Site "Katowice POL"]
[Date "2022.12.16"]
[Round "20.77"]
[White "Kacprzak, Karol"]
[Black "Sidletskyi, Ivan"]
[Result "1-0"]
[WhiteElo "2226"]
[BlackElo "2152"]
[WhiteFideId "21819327"]
[BlackFideId "14156024"]
[EventDate "2022.12.16"]

1. e4 e6 2. d4 d5 3. e5 c5 4. c3 Nc6 5. Nf3 Bd7 6. Bd3 cxd4 7. O-O dxc3 8. Nxc3
Nge7 9. Bg5 Qa5 10. a3 Ng6 11. b4 Qc7 12. Nb5 Qb8 13. Re1 a6 14. Bxg6 fxg6 15.
Nbd4 Be7 16. Nxc6 bxc6 17. Bxe7 Kxe7 18. Nd4 Rf8 19. Qc1 Qb6 20. Qg5+ Kf7 21.
Nb3 Rae8 22. Nc5 Bc8 23. Rac1 Kg8 24. Qd2 Rf7 25. Re3 Ref8 26. f3 g5 27. Ree1 h6
28. Kh1 Rf5 29. a4 Rf4 30. Rb1 Qa7 31. Rec1 R4f5 32. Qc3 Qf7 33. h3 h5 34. Rb3
Rf4 35. Qe3 g4 36. Nd3 Rc4 37. hxg4 hxg4 38. fxg4 Rxg4 39. Kg1 Qg6 40. Rb2 d4
41. Qe2 Bd7 42. Rd2 Be8 43. Rf1 Rxf1+ 44. Qxf1 Qg5 45. Qf2 Bg6 46. Ne1 Be4 47.
Rxd4 Bd5 48. Rxg4 Qxg4 49. Qd2 Qe4 50. Nf3 Qb1+ 51. Kf2 Qb3 52. a5 Qc4 53. Qe1
Qc2+ 54. Kg3 Qg6+ 55. Kf2 Qf5 56. Qe3 Qc2+ 57. Qd2 Qe4 58. Qe1 Qc4 59. Qd2 Qe4
60. Qe1 Qf4 61. Qd2 Qe4 62. Qd4 Qc2+ 63. Qd2 Qc4 64. Qe1 Qc2+ 65. Qe2 Qf5 66.
Qxa6 Bxf3 67. gxf3 Qxe5 68. Qxc6 Qh2+ 69. Ke3 Qe5+ 70. Kd3 Qf5+ 71. Qe4 Qb5+ 72.
Kc3 Kf7 73. Qc4 Qe5+ 74. Kb3 Qe3+ 75. Qc3 Qa7 76. b5 Qd7 77. Ka4 Qd5 1-0

[Event "European Blitz 2022"]
[Site "Katowice POL"]
[Date "2022.12.16"]
[Round "20.78"]
[White "Molenda, Marcin"]
[Black "Gumula, Daniel"]
[Result "0-1"]
[WhiteTitle "FM"]
[BlackTitle "FM"]
[WhiteElo "2381"]
[BlackElo "2146"]
[WhiteFideId "1173065"]
[BlackFideId "1123122"]
[EventDate "2022.12.16"]

1. e4 g6 2. d4 Bg7 3. Nc3 c6 4. h4 d5 5. h5 dxe4 6. Be3 gxh5 7. Nxe4 Nf6 8.
Nxf6+ Bxf6 9. Rxh5 Rg8 10. Rxh7 Bf5 11. Rh1 Qb6 12. b3 Nd7 13. Nf3 O-O-O 14. Bd3
Bg4 15. c3 Qa5 16. Qd2 Bxf3 17. gxf3 e5 18. O-O-O exd4 19. cxd4 Qa3+ 20. Kb1 Nb6
21. Bf4 Rd5 22. Be4 Rxd4 23. Bf5+ Kd8 24. Qc3 c5 25. Rxd4+ Bxd4 26. Rd1 Rg1 27.
Qxd4+ cxd4 28. Rxg1 Nd5 29. Bd2 Nc3+ 30. Kc2 Qxa2+ 31. Kd3 Qxb3 32. Bg5+ Kc7 33.
Bf4+ Kc6 34. Rc1 b5 35. Kd2 b4 36. Bd3 Qa2+ 37. Rc2 Qa1 38. Rc1 Qa2+ 39. Rc2 Qe6
40. Rb2 a5 41. Rc2 a4 42. Rc1 a3 43. Re1 Qa2+ 44. Kc1 Qb2# 0-1

[Event "European Blitz 2022"]
[Site "Katowice POL"]
[Date "2022.12.16"]
[Round "20.79"]
[White "Pacuszka, Tomasz"]
[Black "Kulon, Klaudia"]
[Result "1/2-1/2"]
[WhiteTitle "FM"]
[BlackTitle "IM"]
[WhiteElo "2186"]
[BlackElo "2274"]
[WhiteFideId "1119036"]
[BlackFideId "1131044"]
[EventDate "2022.12.16"]

1. g3 g6 2. Bg2 Bg7 3. d3 Nf6 4. c3 O-O 5. Nf3 d5 6. O-O c5 7. Nbd2 Nc6 8. Qc2
e5 9. a3 a5 10. e4 h6 11. h3 Be6 12. Re1 Qc7 13. c4 dxe4 14. Nxe4 Nd7 15. Nc3 f5
16. Nd5 Qd6 17. Bd2 Rae8 18. Bc3 Bf7 19. Nd2 b6 20. Rad1 Ne7 21. Nxe7+ Rxe7 22.
Qa4 Nb8 23. Nf3 Rd8 24. Qc2 Nc6 25. h4 Qc7 26. Bh3 Red7 27. h5 Rf8 28. Nh4 Qd8
29. hxg6 Be6 30. Qe2 Qf6 31. Qh5 f4 32. Bxe6+ Qxe6 33. g4 Nd4 34. Bxd4 Rxd4 35.
Nf5 Rd7 36. f3 Qf6 37. Re2 Rfd8 38. Red2 a4 39. Kg2 Re8 40. Nxh6+ Bxh6 41. Qxh6
Rg7 42. Rh1 Qxg6 43. Qxg6 Rxg6 44. Rh5 Rd6 45. Kf2 Kg7 46. Ke2 b5 47. cxb5 Rb6
48. Rc2 Rxb5 49. Kd2 Kf6 50. Rh6+ Kf7 51. Ra6 Rd8 52. Rxa4 Rb3 53. Ra7+ Kf6 54.
Ra6+ Kg5 55. Rc3 Rxb2+ 56. Kc1 Rf2 57. Rxc5 Rxf3 58. Rxe5+ Kxg4 59. Rg6+ Kh4 60.
Re7 Rh8 61. Kc2 Rg3 62. Rf6 f3 63. Ref7 Kg4 64. Rg7+ Kh3 65. Rxg3+ Kxg3 66. d4
Rh4 67. Kc3 Rf4 68. Rg6+ Kh2 69. Rh6+ Kg2 70. Rg6+ Kf1 71. Kd3 f2 72. Ke3 Rf8
73. Rh6 Ra8 74. d5 Rxa3+ 75. Kd4 Rg3 76. Rf6 Ke2 77. Rxf2+ Kxf2 78. d6 Kf3 79.
d7 Rg1 80. Ke5 Rd1 81. Ke6 Kf4 82. Ke7 Rxd7+ 83. Kxd7 1/2-1/2

[Event "European Blitz 2022"]
[Site "Katowice POL"]
[Date "2022.12.16"]
[Round "20.80"]
[White "Ugorek, Kacper"]
[Black "Kruckenhauser, Arthur"]
[Result "0-1"]
[BlackTitle "FM"]
[WhiteElo "1682"]
[BlackElo "2339"]
[WhiteFideId "21890676"]
[BlackFideId "1642812"]
[EventDate "2022.12.16"]

1. d4 Nf6 2. c4 e6 3. Nf3 Bb4+ 4. Nbd2 O-O 5. g3 d5 6. Qc2 c6 7. Bg2 b6 8. O-O
Nbd7 9. a3 Bd6 10. e4 dxe4 11. Nxe4 Nxe4 12. Qxe4 Bb7 13. Qe2 Qc7 14. b3 e5 15.
Bb2 exd4 16. Nxd4 Be5 17. Rad1 Rfe8 18. Qc2 Rad8 19. Rfe1 Bf6 20. Nf5 Ne5 21. f4
Ng4 22. Bxf6 Nxf6 23. Rxd8 Qxd8 24. Rxe8+ Qxe8 25. Qd2 g6 26. Nd6 Qd7 27. Ne4
Qxd2 28. Nxd2 Nd7 29. Kf2 Kf8 30. Ke3 Ke7 31. b4 f5 32. Nb3 Kd6 33. Kd3 Kc7 34.
c5 bxc5 35. bxc5 Nf6 36. Kd4 Ba6 37. h4 Nh5 38. Ke5 Nxg3 0-1

[Event "European Blitz 2022"]
[Site "Katowice POL"]
[Date "2022.12.16"]
[Round "20.81"]
[White "Ternault, Mathieu"]
[Black "Bazilius, Augustinas"]
[Result "1-0"]
[WhiteTitle "FM"]
[WhiteElo "2351"]
[BlackElo "2118"]
[WhiteFideId "20641532"]
[BlackFideId "12832251"]
[EventDate "2022.12.16"]

1. d4 Nf6 2. Nf3 g6 3. Nbd2 Bg7 4. e4 d6 5. Bb5+ c6 6. Bd3 O-O 7. O-O Nbd7 8. c3
e5 9. Re1 Qc7 10. a4 Rd8 11. a5 d5 12. exd5 Nxd5 13. Bc4 exd4 14. cxd4 N7f6 15.
Qb3 Bg4 16. Ne5 Be6 17. Ndf3 b5 18. axb6 axb6 19. Bd2 b5 20. Bf1 Nd7 21. Rxa8
Rxa8 22. Qc2 Nxe5 23. Nxe5 Rc8 24. h3 Qb6 25. Qc5 Qxc5 26. dxc5 Bxe5 27. Rxe5
Ra8 28. Re1 Ra2 29. Bh6 Nc7 30. Rd1 Bd5 31. b4 f5 32. Bf4 Ne6 33. Be5 Ra4 34.
Bc3 Ra3 35. Be1 Kf7 36. Bxb5 Bb3 37. Rd7+ Ke8 38. Bxc6 Ra1 39. Rd1+ 1-0

[Event "European Blitz 2022"]
[Site "Katowice POL"]
[Date "2022.12.16"]
[Round "20.82"]
[White "Gvetadze, Sofio"]
[Black "Delgerdalai, Bayarjavkhlan"]
[Result "0-1"]
[WhiteTitle "IM"]
[WhiteElo "2298"]
[BlackElo "2100"]
[WhiteFideId "13601440"]
[BlackFideId "23727276"]
[EventDate "2022.12.16"]

1. Nf3 d5 2. g3 c5 3. Bg2 Nf6 4. O-O Nc6 5. d3 e5 6. Nbd2 Be7 7. e4 O-O 8. exd5
Nxd5 9. Nc4 f6 10. c3 Bg4 11. Qb3 Qd7 12. a4 Be6 13. Qc2 Rad8 14. Rd1 Nb6 15.
Ne3 Nd5 16. Ne1 Nxe3 17. Bxe3 Bd5 18. a5 f5 19. Bxd5+ Qxd5 20. Ng2 Bd6 21. Qa4
Rf7 22. Qc4 Qxc4 23. dxc4 Rfd7 24. Bg5 Be7 25. Rxd7 Rxd7 26. Bxe7 Nxe7 27. Ne3
Rd2 28. Rd1 Rxd1+ 29. Nxd1 Nc6 30. Ne3 g6 31. Nd5 Nxa5 32. Nf6+ Kf7 33. Nd7 Nxc4
34. b3 Nd2 35. Nxc5 b6 36. Nd7 Nxb3 37. Nxe5+ Ke6 38. f4 a5 39. Nc4 b5 40. Na3
Kd5 41. Nxb5 Kc4 42. Na3+ Kxc3 43. Kf2 a4 44. Ke3 Na5 45. Kf3 Nc4 46. Nb5+ Kb2
47. g4 a3 48. Nxa3 Kxa3 49. gxf5 gxf5 50. Kg3 Kb3 51. Kh4 Kc3 52. Kg5 Ne3 53. h4
Kd4 54. h5 Ke4 55. Kh6 Kxf4 56. Kxh7 Kg5 57. h6 Ng4 58. Kg7 Nxh6 0-1

[Event "European Blitz 2022"]
[Site "Katowice POL"]
[Date "2022.12.16"]
[Round "20.83"]
[White "Dubnevych, Maksym"]
[Black "Brilej, Jaka"]
[Result "0-1"]
[BlackTitle "FM"]
[WhiteElo "2139"]
[BlackElo "2336"]
[WhiteFideId "14184001"]
[BlackFideId "14618818"]
[EventDate "2022.12.16"]

1. d4 d5 2. Nc3 Nf6 3. Bf4 e6 4. e3 c5 5. Nb5 Na6 6. Nf3 c4 7. a4 Be7 8. Be2 O-O
9. O-O Bd7 10. b3 cxb3 11. cxb3 Nb4 12. Ne5 a6 13. Nc3 Rc8 14. Na2 Ne4 15. Nxd7
Qxd7 16. Nxb4 Bxb4 17. Bd3 f5 18. f3 Nf6 19. Qe2 Rc3 20. Rab1 Rfc8 21. Be5 Bd6
22. Bxf6 gxf6 23. Kh1 Qg7 24. f4 Kh8 25. b4 Qc7 26. b5 a5 27. b6 Qe7 28. Rbd1
Bb4 29. g4 fxg4 30. Qxg4 Rg8 31. Qe2 f5 32. Rg1 Rcc8 33. Qh5 Qf6 34. Rg5 Rxg5
35. fxg5 Qg6 36. Qxg6 hxg6 37. Bb5 Bd6 38. Rd2 Rc1+ 39. Kg2 Rc3 40. Kf3 f4 41.
Bd7 Rxe3+ 42. Kf2 Kg7 43. Bc8 Rb3 44. Bxe6 Rxb6 45. Bxd5 Rb4 46. Kf3 Rxa4 47.
Bxb7 Ra3+ 48. Ke4 a4 49. Kd5 Bf8 50. Kc4 Re3 51. d5 Bd6 52. Bc6 a3 53. Kb5 f3
54. Kb6 Re2 0-1

[Event "European Blitz 2022"]
[Site "Katowice POL"]
[Date "2022.12.16"]
[Round "20.84"]
[White "Rog, Bartlomiej"]
[Black "Bochnicka, Vladimir ml."]
[Result "1-0"]
[BlackTitle "FM"]
[WhiteElo "1969"]
[BlackElo "2367"]
[WhiteFideId "21857377"]
[BlackFideId "14943450"]
[EventDate "2022.12.16"]

1. Nf3 c5 2. c4 Nc6 3. Nc3 g6 4. d4 cxd4 5. Nxd4 Bg7 6. e3 Nf6 7. g3 O-O 8. Bg2
e6 9. O-O a6 10. Nxc6 bxc6 11. c5 a5 12. Bd2 Ba6 13. Re1 Rb8 14. Na4 Nd5 15. e4
Nb4 16. Bc3 Bxc3 17. bxc3 Nd3 18. Re3 Ne5 19. Nb6 Nc4 20. Nxc4 Bxc4 21. Qd4 Ba6
22. h4 Rb5 23. Bf1 Qe7 24. Bxb5 cxb5 25. Rd1 Rc8 26. Qxd7 Qxc5 27. Rd6 b4 28.
Rxa6 bxc3 29. Ra7 Qf8 30. Rc7 1-0

[Event "European Blitz 2022"]
[Site "Katowice POL"]
[Date "2022.12.16"]
[Round "20.85"]
[White "Garcia Martin, Marta"]
[Black "Rekuc, Patryk"]
[Result "0-1"]
[WhiteTitle "IM"]
[WhiteElo "2301"]
[BlackElo "1755"]
[WhiteFideId "32084030"]
[BlackFideId "21898197"]
[EventDate "2022.12.16"]

1. e4 c5 2. Nc3 d6 3. d4 cxd4 4. Qxd4 Nc6 5. Qd2 g6 6. b3 Bg7 7. Bb2 e5 8. Nb5
Bf8 9. Rd1 Nf6 10. f3 Nh5 11. Nxd6+ Bxd6 12. Qxd6 Qh4+ 13. g3 Nxg3 14. hxg3 Qxh1
15. Kf2 Be6 16. Bb5 Qh2+ 17. Kf1 Bh3+ 18. Nxh3 Qxh3+ 19. Kf2 Qe6 20. Bxc6+ bxc6
21. Qxe6+ fxe6 22. Bxe5 O-O 23. Rd6 Rfe8 24. Rxc6 Rac8 25. Rxc8 Rxc8 26. c4 Kf7
27. Ke3 Rd8 28. Bd4 a6 29. e5 Ke7 30. b4 Kd7 31. a4 Kc6 32. b5+ axb5 33. axb5+
Kb7 34. Ke4 h5 35. c5 Rd5 36. c6+ Kc7 37. b6+ Kxc6 38. f4 Rb5 39. Be3 Rb4+ 40.
Kf3 Kd5 41. Ke2 Ke4 42. Bc5 Rb2+ 43. Kd1 Kf3 44. Kc1 Rb5 0-1

[Event "European Blitz 2022"]
[Site "Katowice POL"]
[Date "2022.12.16"]
[Round "20.86"]
[White "Zamekhovskiy, Yevgen"]
[Black "Pein, Jonathan"]
[Result "1-0"]
[BlackTitle "CM"]
[WhiteElo "2095"]
[BlackElo "2252"]
[WhiteFideId "14174413"]
[BlackFideId "417092"]
[EventDate "2022.12.16"]

1. d4 Nf6 2. Nf3 g6 3. g3 Bg7 4. Bg2 O-O 5. O-O d6 6. a4 a5 7. Nc3 Nc6 8. e4 e5
9. d5 Ne7 10. Ne1 Nd7 11. Nd3 b6 12. f4 f5 13. fxe5 Nxe5 14. Nf4 fxe4 15. Nxe4
Bg4 16. Qe1 Re8 17. h3 Bd7 18. Kh2 Nf7 19. Ne6 Bxe6 20. dxe6 Ne5 21. Nf6+ Bxf6
22. Rxf6 c6 23. Bg5 Rf8 24. Qd2 Rxf6 25. Bxf6 Qf8 26. Rf1 Nf5 27. Bxe5 dxe5 28.
g4 Qd6 29. Qxd6 Nxd6 30. Rd1 Rd8 31. e7 Re8 32. Rxd6 Rxe7 33. Be4 1-0

[Event "European Blitz 2022"]
[Site "Katowice POL"]
[Date "2022.12.16"]
[Round "20.87"]
[White "Ribeiro, Gustavo"]
[Black "Koziorowicz, Michal"]
[Result "1-0"]
[BlackTitle "FM"]
[WhiteElo "1836"]
[BlackElo "2348"]
[WhiteFideId "1941852"]
[BlackFideId "21809194"]
[EventDate "2022.12.16"]

1. d4 f5 2. g3 Nf6 3. Bg2 e6 4. Nf3 d5 5. Bf4 Bd6 6. Bxd6 cxd6 7. Nbd2 O-O 8.
O-O Nc6 9. c3 e5 10. dxe5 dxe5 11. Qb3 Kh8 12. Rfd1 Qb6 13. Qxb6 axb6 14. e3 Be6
15. a3 Rfd8 16. Rac1 b5 17. Bf1 d4 18. exd4 exd4 19. Bxb5 dxc3 20. Rxc3 Ne4 21.
Rcc1 Ne5 22. Be2 Nxd2 23. Nxd2 Bd5 24. f4 Nc6 25. Nf3 Re8 1-0

[Event "European Blitz 2022"]
[Site "Katowice POL"]
[Date "2022.12.16"]
[Round "20.88"]
[White "Solys, Laimutis"]
[Black "Grineva, Marianna"]
[Result "1/2-1/2"]
[WhiteTitle "FM"]
[BlackTitle "WFM"]
[WhiteElo "2289"]
[BlackElo "2020"]
[WhiteFideId "12800368"]
[BlackFideId "14102013"]
[EventDate "2022.12.16"]

1. e4 d6 2. d4 g6 3. Nc3 Bg7 4. Bc4 e6 5. Be3 a6 6. Nf3 b5 7. Bd3 Bb7 8. Qd2 Nd7
9. O-O h6 10. a4 b4 11. Ne2 a5 12. c3 bxc3 13. bxc3 Ne7 14. Rab1 Bc6 15. Bc2 Nb6
16. Qd1 Nc4 17. Bc1 O-O 18. Ng3 Qd7 19. h4 f5 20. exf5 exf5 21. Bb3 Bd5 22. Re1
Rab8 23. Qe2 Rfe8 24. Bxc4 Rxb1 25. Bxd5+ Nxd5 26. Qxe8+ Qxe8 27. Rxe8+ Kf7 28.
Re1 Nxc3 29. Bd2 Rxe1+ 30. Bxe1 Nxa4 31. Bxa5 c5 32. dxc5 dxc5 33. Nd2 Ke6 34.
Kf1 Nb2 35. Ke2 c4 36. Nb1 Na4 37. Nf1 Kd5 38. Ne3+ Kc5 39. Nc2 Kb5 40. Bd8 Nc5
41. Nba3+ Ka4 42. Nxc4 Kb3 43. N2e3 Ne6 44. Bb6 Bf6 45. g3 f4 46. gxf4 Nxf4+ 47.
Kf3 Nd3 48. Nd2+ Kb2 49. Ng2 Ne5+ 50. Ke4 Nd7 51. Bd4+ Kc2 52. Nc4 Bxd4 53. Kxd4
Nf6 54. Nge3+ Kb1 55. Ke5 Nh5 56. Ng4 g5 57. hxg5 hxg5 58. Kf5 Nf4 59. Nd2+ Kc2
60. Ne4 Kd1 61. Nxg5 Nd3 62. f3 Ke2 63. Ne4 Kf1 64. Ng3+ Kg2 65. Ne2 Kf1 66. Nd4
Kg2 67. Ne3+ Kf2 68. Nd1+ Ke1 69. Nc3 Kf2 70. Ke4 Nc5+ 71. Kd5 Nd3 72. Nd1+ Kg3
73. Ne3 Ne1 74. Nef5+ Kf4 75. Nh4 Nxf3 1/2-1/2

[Event "European Blitz 2022"]
[Site "Katowice POL"]
[Date "2022.12.16"]
[Round "20.89"]
[White "Putlak, Wojciech"]
[Black "Domenech, Vianney"]
[Result "1-0"]
[WhiteElo "1992"]
[BlackElo "2249"]
[WhiteFideId "1183303"]
[BlackFideId "656089"]
[EventDate "2022.12.16"]

1. Nf3 Nf6 2. c4 g6 3. b3 Bg7 4. Bb2 O-O 5. g3 d6 6. Bg2 e5 7. O-O a5 8. d3 c6
9. a4 Na6 10. Bc3 Nb4 11. Nbd2 Nd7 12. d4 Re8 13. dxe5 dxe5 14. Ne4 h6 15. Nd6
Rf8 16. Qd2 f5 17. Rad1 Qe7 18. Nxc8 Raxc8 19. Bxb4 axb4 20. Qxd7 Qc5 21. Qe6+
Kh7 22. Nh4 Rf6 23. Qxc8 1-0

[Event "European Blitz 2022"]
[Site "Katowice POL"]
[Date "2022.12.16"]
[Round "20.90"]
[White "Radecki, Adam"]
[Black "Kastelik, Adrian"]
[Result "0-1"]
[WhiteElo "2012"]
[BlackElo "2091"]
[WhiteFideId "1197347"]
[BlackFideId "1134701"]
[EventDate "2022.12.16"]

1. e4 e5 2. Nf3 Nc6 3. d3 Nf6 4. Nc3 d5 5. exd5 Nxd5 6. Nxd5 Qxd5 7. Be2 Bc5 8.
O-O O-O 9. Bd2 Bf5 10. Bc3 Rad8 11. Qc1 Nd4 12. Nxd4 Bxd4 13. Bf3 Qb5 14. Bxd4
exd4 15. Re1 Rfe8 16. b3 Qb4 17. Rxe8+ Rxe8 18. Qd1 b6 19. h3 Qc3 20. a4 a5 21.
Bd5 h6 22. Rc1 Qc5 23. Qf3 Bg6 24. Bc4 c6 25. Qg4 Bf5 26. Qh5 Be6 27. Qxc5 bxc5
28. Bxe6 Rxe6 29. Kf1 f5 30. Re1 Kf7 31. Rxe6 Kxe6 32. Ke2 Ke5 33. Kf3 g5 34. g3
Kd5 35. Kg2 c4 36. dxc4+ Kc5 37. Kf3 Kb4 38. g4 fxg4+ 39. hxg4 Kc3 40. Ke4 c5
41. Kd5 Kxc2 42. b4 d3 43. b5 d2 44. b6 d1=Q+ 45. Kxc5 Qd7 46. f3 Qxa4 0-1

[Event "European Blitz 2022"]
[Site "Katowice POL"]
[Date "2022.12.16"]
[Round "20.91"]
[White "Chyzy, Jakub"]
[Black "Jarocka, Liwia"]
[Result "1-0"]
[WhiteTitle "FM"]
[BlackTitle "FM"]
[WhiteElo "2247"]
[BlackElo "2143"]
[WhiteFideId "21806209"]
[BlackFideId "21807558"]
[EventDate "2022.12.16"]

1. b3 d5 2. Bb2 Nf6 3. e3 Bf5 4. f4 h5 5. Nf3 c6 6. Be2 e6 7. O-O Nbd7 8. d3 Qb6
9. Bd4 Bc5 10. Qd2 Bg4 11. c3 Qc7 12. Ne5 Bxe2 13. Qxe2 Bd6 14. Nxd7 Qxd7 15.
Be5 O-O-O 16. a4 Ng4 17. d4 f6 18. Bxd6 Qxd6 19. Nd2 g5 20. h3 Nh6 21. fxg5 Nf5
22. gxf6 Ng3 23. Qf3 Nxf1 24. Rxf1 Rdf8 25. e4 dxe4 26. Nxe4 Qc7 27. Ng5 Qd7 28.
f7 Rh6 29. h4 Qd5 30. Qf4 Rg6 31. c4 Qd7 32. Kh1 Rg7 33. Qf6 Rxg5 34. hxg5 h4
35. g6 h3 36. g7 1-0

[Event "European Blitz 2022"]
[Site "Katowice POL"]
[Date "2022.12.16"]
[Round "20.92"]
[White "Prazak, Daniel"]
[Black "Polster, Christian"]
[Result "1-0"]
[BlackTitle "FM"]
[WhiteElo "2007"]
[BlackElo "2235"]
[WhiteFideId "23709456"]
[BlackFideId "12965081"]
[EventDate "2022.12.16"]

1. e4 c5 2. Nf3 d6 3. Bb5+ Nd7 4. a4 Nf6 5. Nc3 a6 6. Be2 e6 7. O-O Be7 8. d4
cxd4 9. Qxd4 O-O 10. Rd1 Qc7 11. Nd2 b6 12. Nc4 Rd8 13. Be3 Bb7 14. Nxb6 e5 15.
Qb4 a5 16. Qb3 Rab8 17. Nb5 Qxb6 18. Bxb6 Nxb6 19. f3 d5 20. Nc7 Bc5+ 21. Kh1
dxe4 22. Rxd8+ Rxd8 23. Rd1 Rc8 24. Nb5 exf3 25. Bxf3 e4 26. Be2 Nfd5 27. Bc4
Nxc4 28. Qxc4 Ne3 29. Qxc5 Nxd1 30. Qd4 Nxb2 31. Qxb2 e3 32. Qe5 g6 33. c3 Rd8
34. Nd4 Bd5 35. Qxe3 Rb8 36. h3 Rb2 37. Nf3 Be6 38. Qc5 Ra2 39. Qxa5 Bb3 40.
Qd8+ Kg7 41. a5 Bc4 42. Qd4+ 1-0

[Event "European Blitz 2022"]
[Site "Katowice POL"]
[Date "2022.12.16"]
[Round "20.93"]
[White "Kovalchuk, Victor"]
[Black "Aksonova, Tetiana"]
[Result "1-0"]
[BlackTitle "WFM"]
[WhiteElo "1602"]
[BlackElo "2192"]
[WhiteFideId "14191334"]
[BlackFideId "14106086"]
[EventDate "2022.12.16"]

1. e4 c5 2. Nf3 d6 3. d4 cxd4 4. Nxd4 Nf6 5. Nc3 g6 6. Be3 Nc6 7. f3 Bg7 8. Bc4
O-O 9. Qd2 Bd7 10. O-O-O Rc8 11. Bb3 Ne5 12. h4 h5 13. Bg5 Rc5 14. Kb1 b5 15.
Nde2 a5 16. Nd5 Nxd5 17. Bxd5 Nc4 18. Bxc4 bxc4 19. c3 a4 20. a3 f6 21. Bh6 Qb6
22. Bxg7 Kxg7 23. Rhg1 Rb8 24. Qc1 Rb5 25. Rd2 Rb3 26. Ka1 Qc5 27. Nd4 R3b6 28.
g4 hxg4 29. fxg4 Rh8 30. h5 Qg5 31. hxg6 Kxg6 32. Nf5 Kf7 33. Rd4 Be6 34. Qxg5
fxg5 35. Rf1 Bxf5 36. Rxf5+ Kg6 37. Rxc4 Rh1+ 38. Ka2 Rg1 39. e5 Rg2 40. Rb4
Rxb4 41. axb4 Rxg4 42. exd6 exd6 43. Rd5 Kf6 44. Rxd6+ Ke5 45. Rd8 Rg2 46. b5 g4
47. b6 g3 48. b7 1-0

[Event "European Blitz 2022"]
[Site "Katowice POL"]
[Date "2022.12.16"]
[Round "20.98"]
[White "Paehtz, Elisabeth"]
[Black "Slusarczyk, Anna"]
[Result "1-0"]
[WhiteTitle "GM"]
[WhiteElo "2464"]
[BlackElo "1679"]
[WhiteFideId "4641833"]
[BlackFideId "21885079"]
[EventDate "2022.12.16"]

1. d4 Nf6 2. Nf3 e6 3. Bf4 b6 4. e3 Bb7 5. Nbd2 Bd6 6. Bg3 Bxg3 7. hxg3 d6 8.
Bd3 h6 9. c3 Nbd7 10. Qe2 c5 11. e4 Qc7 12. Nc4 b5 13. Ncd2 c4 14. Bc2 Nh7 15.
a4 b4 16. Qxc4 Qxc4 17. Nxc4 bxc3 18. Nxd6+ Ke7 19. Nxb7 cxb2 20. Rb1 Nb6 21.
Nc5 Nc4 22. Bd3 Nd6 23. Rxb2 Rab8 24. Rxb8 Rxb8 25. O-O g5 26. e5 Nf5 27. g4 1-0